Out of Operating Room Anesthesia (Запис № 451161)

МАРК-запис
000 -LEADER
fixed length control field 05225nam a22005295i 4500
001 - CONTROL NUMBER
control field 978-3-319-39150-2
003 - CONTROL NUMBER IDENTIFIER
control field DE-He213
005 - DATE AND TIME OF LATEST TRANSACTION
control field 20210118143509.0
007 - PHYSICAL DESCRIPTION FIXED FIELD--GENERAL INFORMATION
fixed length control field cr nn 008mamaa
008 - FIXED-LENGTH DATA ELEMENTS--GENERAL INFORMATION
fixed length control field 160929s2017 gw | s |||| 0|eng d
020 ## - INTERNATIONAL STANDARD BOOK NUMBER
International Standard Book Number 9783319391502
-- 978-3-319-39150-2
024 7# - OTHER STANDARD IDENTIFIER
Standard number or code 10.1007/978-3-319-39150-2
Source of number or code doi
050 #4 - LIBRARY OF CONGRESS CALL NUMBER
Classification number RD78.3-87.3
072 #7 - SUBJECT CATEGORY CODE
Subject category code MMB
Source bicssc
072 #7 - SUBJECT CATEGORY CODE
Subject category code MED006000
Source bisacsh
072 #7 - SUBJECT CATEGORY CODE
Subject category code MKA
Source thema
082 04 - DEWEY DECIMAL CLASSIFICATION NUMBER
Classification number 617.96
Edition number 23
245 10 - TITLE STATEMENT
Title Out of Operating Room Anesthesia
Medium [electronic resource] :
Remainder of title A Comprehensive Review /
Statement of responsibility, etc edited by Basavana G. Goudra, Preet Mohinder Singh.
250 ## - EDITION STATEMENT
Edition statement 1st ed. 2017.
264 #1 -
-- Cham :
-- Springer International Publishing :
-- Imprint: Springer,
-- 2017.
300 ## - PHYSICAL DESCRIPTION
Extent XVIII, 477 p. 20 illus., 15 illus. in color.
Other physical details online resource.
336 ## -
-- text
-- txt
-- rdacontent
337 ## -
-- computer
-- c
-- rdamedia
338 ## -
-- online resource
-- cr
-- rdacarrier
347 ## -
-- text file
-- PDF
-- rda
505 0# - FORMATTED CONTENTS NOTE
Formatted contents note Section 1. General concepts -- Pharmacology of sedative drugs used in Out of Operating Room Anesthesia -- Pharmacology of anesthetic drugs used in Out of Operating Room Anesthesia -- Principles of delivery of sedatives and intravenous anesthetics in Out of Operating Room Anesthesia -- Section 2. Patient safety in procedures outside the operating room -- Preoperative assessment: General principles -- Fasting guidelines: Do they need to be different?- Organization of a sedation suite: setting the standards -- Section 3. Anesthesia for Endoscopic procedures -- Anesthesia for upper GI endoscopy including advanced endoscopic procedures -- Anesthesia for colonoscopy -- Anesthesia for ERCP -- Anesthesia for Bronchoscopy -- Airway devices in GI Endoscopy -- Section 4. Anesthesia for Cardiac procedures -- Anesthesia and Sedation strategies in electrophysiology: General concepts -- Anesthesia for cardioversion -- Anesthesia for cardiac ablation procedures -- Ventilation strategies including high frequency jet ventilation -- Section 5. Anesthesia for neuroradiology -- Anesthesia in the MRI suite and for CT scan -- Anesthesia for procedures in the neurointerventional suites -- Section 6. Anesthesia for other out of operating room procedures -- Anesthesia for outpatient dental procedures -- Anesthesia for Electroconvulsive therapy -- Anesthesia and sedation for interventional pain procedures -- Section 7. Special situations -- Pediatric off site Anesthesia -- Procedural Sedation in the emergency department -- Cosmetic procedures and office based sedation -- Anesthesia for ophthalmologic surgery -- Anesthesia and radiotherapy suite -- Infertility treatment: The Role of Anesthesia Techniques -- Challenges of performing out of operating room anesthesia on the morbidly obese -- Section 8. Future and controversies -- Sedation for gastrointestinal endoscopy: gastroenterologists approach -- Propofol Infusion Platforms -- Regional techniques: Role and pitfalls -- Newer drugs for sedation: Soft pharmacology -- Future research and directions in Out of Operating Room Anesthesia.
520 ## - SUMMARY, ETC.
Summary, etc This book covers all aspects of out of operating room anesthesia and deep sedation practice. The practical aspects of anesthesia are emphasized, with particular stress on management of unanticipated adverse events. A concise, yet comprehensive description of relevant basic sciences is also included. Although the contributors are predominantly North American, essential elements of out of OR practice in countries other than the USA are incorporated. Out of Operating Room Anesthesia: A Comprehensive Review, is primarily aimed at all anesthesia providers: anesthesiologists, nurse anesthetists and residents. Specific chapters such as dental anesthesia, anesthesia for ER procedures and sedation for cosmetic procedures are a useful reference guide to physicians exposed to brief training in anesthesia during their non-anesthesia residency program.
506 ## - RESTRICTIONS ON ACCESS NOTE
Terms governing access Available to subscribing member institutions only. Доступно лише організаціям членам підписки.
506 ## - RESTRICTIONS ON ACCESS NOTE
Standardized terminology for access restriction Online access from local network of NaUOA.
506 ## - RESTRICTIONS ON ACCESS NOTE
Standardized terminology for access restriction Online access with authorization at https://link.springer.com/
506 ## - RESTRICTIONS ON ACCESS NOTE
Standardized terminology for access restriction Онлайн-доступ з локальної мережі НаУОА.
506 ## - RESTRICTIONS ON ACCESS NOTE
Standardized terminology for access restriction Онлайн доступ з авторизацією на https://link.springer.com/
650 #0 - SUBJECT ADDED ENTRY--TOPICAL TERM
Topical term or geographic name as entry element Anesthesiology.
650 14 - SUBJECT ADDED ENTRY--TOPICAL TERM
Topical term or geographic name as entry element Anesthesiology.
-- http://scigraph.springernature.com/things/product-market-codes/H13001
700 1# - ADDED ENTRY--PERSONAL NAME
Personal name Goudra, Basavana G.
Relator term editor.
Relator code edt
-- http://id.loc.gov/vocabulary/relators/edt
700 1# - ADDED ENTRY--PERSONAL NAME
Personal name Singh, Preet Mohinder.
Relator term editor.
Relator code edt
-- http://id.loc.gov/vocabulary/relators/edt
710 2# - ADDED ENTRY--CORPORATE NAME
Corporate name or jurisdiction name as entry element SpringerLink (Online service)
773 0# - HOST ITEM ENTRY
Title Springer eBooks
776 08 - ADDITIONAL PHYSICAL FORM ENTRY
Display text Printed edition:
International Standard Book Number 9783319391489
776 08 - ADDITIONAL PHYSICAL FORM ENTRY
Display text Printed edition:
International Standard Book Number 9783319391496
776 08 - ADDITIONAL PHYSICAL FORM ENTRY
Display text Printed edition:
International Standard Book Number 9783319818306
856 40 - ELECTRONIC LOCATION AND ACCESS
Uniform Resource Identifier <a href="https://doi.org/10.1007/978-3-319-39150-2">https://doi.org/10.1007/978-3-319-39150-2</a>
912 ## -
-- ZDB-2-SME
942 ## - ADDED ENTRY ELEMENTS (KOHA)
Koha item type ЕКнига

Немає доступних примірників.